Las comunidades de Castilla y Aragón bajo el punto de vista geográfico : (Record no. 54620)
[ view plain ]
| 000 -LEADER | |
|---|---|
| campo de control de longitud fija | 01176nam a22002415i 4500 |
| 001 - NÚMERO DE CONTROL | |
| campo de control | 54620 |
| 003 - IDENTIFICADOR DE NÚMERO DE CONTROL | |
| campo de control | ES-MaACL |
| 005 - FECHA Y HORA DE LA ÚLTIMA TRANSACCIÓN | |
| campo de control | 20240530062936.0 |
| 007 - CAMPO FIJO DE DESCRIPCIÓN FÍSICA--INFORMACIÓN GENERAL | |
| campo de control de longitud fija | t| |
| 008 - DATOS DE LONGITUD FIJA--INFORMACIÓN GENERAL | |
| campo de control de longitud fija | 960425s1880 sp ||||1| spa d |
| 100 1# - ENTRADA PRINCIPAL--NOMBRE DE PERSONA | |
| Nombre de persona | Fuente, Vicente de la, |
| Fechas asociadas al nombre | 1817-1889 |
| 9 (RLIN) | 52857 |
| 245 14 - MENCIÓN DEL TÍTULO | |
| Título | Las comunidades de Castilla y Aragón bajo el punto de vista geográfico : |
| Resto del título | discurso pronunciado por Vicente de la Fuente en la sesión celebrada el día 8 de enero de 1880, en la Sociedad Geográfica de Madrid, y publicado en el número 3º del tomo VIII del Boletín de la misma. |
| 260 ## - PUBLICACIÓN, DISTRIBUCIÓN, ETC. | |
| Lugar de publicación, distribución, etc. | Madrid : |
| Nombre del editor, distribuidor, etc. | [s.l.], |
| Fecha de publicación, distribución, etc. | 1880 ( |
| Fabricante | Imp. de Fortanet) |
| 300 ## - DESCRIPCIÓN FÍSICA | |
| Extensión | 28 p. ; |
| Dimensiones | 22 cm. |
| 530 ## - NOTA DISPONIBLE DE FORMULARIO FÍSICO ADICIONAL | |
| Nota de formato físico adicional disponible | Disponible en formato digital. |
| 651 #4 - PUNTO DE ACCESO ADICIONAL DE MATERIA--NOMBRE GEOGRÁFICO | |
| Nombre geográfico | Castilla y León- |
| Subdivisión general | Divisiones territoriales. |
| 9 (RLIN) | 171795 |
| 651 #4 - PUNTO DE ACCESO ADICIONAL DE MATERIA--NOMBRE GEOGRÁFICO | |
| Nombre geográfico | Aragón- |
| Subdivisión general | Divisiones territoriales. |
| 9 (RLIN) | 171796 |
| 710 2# - ENTRADA AGREGADA--NOMBRE DE ENTIDAD CORPORATIVA | |
| Nombre de entidad corporativa o nombre de jurisdicción como elemento de entrada | Sociedad Geográfica de Madrid. |
| 9 (RLIN) | 6775 |
| 852 ## - LOCALIZACIÓN | |
| Ubicación | ES-MaACL |
| Número de control de estantería | T-1276-F-2 |
| 856 ## - LOCALIZACIÓN Y ACCESO ELECTRÓNICOS | |
| Identificador Uniforme de Recursos | <a href="http://bdh-rd.bne.es/viewer.vm?id=0000244451&page=1 ">http://bdh-rd.bne.es/viewer.vm?id=0000244451&page=1 </a> |
| Nota pública | Biblioteca Digital Hispánica |
| 856 ## - LOCALIZACIÓN Y ACCESO ELECTRÓNICOS | |
| Identificador Uniforme de Recursos | <a href="http://bibliotecadigital.jcyl.es/es/consulta/registro.do?id=51 ">http://bibliotecadigital.jcyl.es/es/consulta/registro.do?id=51 </a> |
| Nota pública | Biblioteca Digital de Castilla y León |
| Estatus retirado | Estado de pérdida | Estado de daño | No para préstamo | Colección | Biblioteca de origen | Biblioteca actual | Ubicación en estantería | Fecha de adquisición | Fuente de adquisición | Total de préstamos | Signatura topográfica completa | Código de barras | Visto por última vez | Precio de reemplazo | Tipo de ítem Koha |
|---|---|---|---|---|---|---|---|---|---|---|---|---|---|---|---|
| Colección de folletos | Biblioteca del Ateneo de Madrid | Biblioteca del Ateneo de Madrid | Depósito folletos | 17/01/2008 | T-1276-F-2 | 1057392 | 23/02/2023 | 23/02/2023 | Folleto |
